| 000 -LEADER |
| fixed length control field |
01541nam a2200481Ia 4500 |
| 020 ## - INTERNATIONAL STANDARD BOOK NUMBER |
| ISBN |
0021058709 (Kind.) |
| 020 ## - INTERNATIONAL STANDARD BOOK NUMBER |
| ISBN |
0021064407 (Kind.workbk.) |
| 020 ## - INTERNATIONAL STANDARD BOOK NUMBER |
| ISBN |
0021060207 (Kind.Teach. ed.) |
| 020 ## - INTERNATIONAL STANDARD BOOK NUMBER |
| ISBN |
0021059101 (Gr.l) |
| 020 ## - INTERNATIONAL STANDARD BOOK NUMBER |
| ISBN |
0021064504 (Gr.lworkbk.) |
| 020 ## - INTERNATIONAL STANDARD BOOK NUMBER |
| ISBN |
0021060304 (Gr.lTeach. ed.) |
| 020 ## - INTERNATIONAL STANDARD BOOK NUMBER |
| ISBN |
0021064601 (Gr.2workbk.) |
| 020 ## - INTERNATIONAL STANDARD BOOK NUMBER |
| ISBN |
0021060401 (Gr.2Teach. ed.) |
| 020 ## - INTERNATIONAL STANDARD BOOK NUMBER |
| ISBN |
0021059306 (Gr.3) |
| 020 ## - INTERNATIONAL STANDARD BOOK NUMBER |
| ISBN |
0021064709 (Gr.3workbk.) |
| 020 ## - INTERNATIONAL STANDARD BOOK NUMBER |
| ISBN |
0021060509 (Gr.3Teach. ed.) |
| 020 ## - INTERNATIONAL STANDARD BOOK NUMBER |
| ISBN |
0021059500 (Gr.4) |
| 020 ## - INTERNATIONAL STANDARD BOOK NUMBER |
| ISBN |
0021064806 (Gr.4workbk.) |
| 020 ## - INTERNATIONAL STANDARD BOOK NUMBER |
| ISBN |
0021060606 (Gr.4Teach. ed.) |
| 020 ## - INTERNATIONAL STANDARD BOOK NUMBER |
| ISBN |
0021059608 (Gr.5) |
| 020 ## - INTERNATIONAL STANDARD BOOK NUMBER |
| ISBN |
0021064903 (Gr.5workbk.) |
| 020 ## - INTERNATIONAL STANDARD BOOK NUMBER |
| ISBN |
0021060703 (Gr.5Teach ed.) |
| 020 ## - INTERNATIONAL STANDARD BOOK NUMBER |
| ISBN |
0021059705 (Gr.6) |
| 020 ## - INTERNATIONAL STANDARD BOOK NUMBER |
| ISBN |
0021065306 (Gr.6workbk.) |
| 020 ## - INTERNATIONAL STANDARD BOOK NUMBER |
| ISBN |
0021060800 (Gr.6Teach. ed.) |
| 020 ## - INTERNATIONAL STANDARD BOOK NUMBER |
| ISBN |
0021059802 (Gr.7) |
| 020 ## - INTERNATIONAL STANDARD BOOK NUMBER |
| ISBN |
0021065403 (Gr.7workbk.) |
| 020 ## - INTERNATIONAL STANDARD BOOK NUMBER |
| ISBN |
0021060908 (Gr.7Teach. ed.) |
| 020 ## - INTERNATIONAL STANDARD BOOK NUMBER |
| ISBN |
002105990X (Gr.8) |
| 020 ## - INTERNATIONAL STANDARD BOOK NUMBER |
| ISBN |
0021065802 (Gr.8workbk.) |
| 020 ## - INTERNATIONAL STANDARD BOOK NUMBER |
| ISBN |
0021061009 (Gr.8Teach. ed.) |
| 040 ## - CATALOGING SOURCE |
| Transcribing agency |
ZIH |
| 082 ## - DEWEY DECIMAL CLASSIFICATION NUMBER |
| Classification number |
510 MAC 1987 A033 Or. |
| 100 1# - MAIN ENTRY--AUTHOR NAME |
| Personal name |
Thoburn, Tina |
| 245 10 - TITLE STATEMENT |
| Title |
Macmillan mathematics / |
| 260 ## - PUBLICATION, DISTRIBUTION, ETC. (IMPRINT) |
| Place of publication |
New York : |
| Name of publisher |
Macmillan Publishing Company, |
| Year of publication |
c1987 |
| 300 ## - PHYSICAL DESCRIPTION |
| Number of Pages |
8 v. : |
| Other physical details |
ill. ; |
| Dimensions |
26 cm. + |
| Accompanying material |
8 practice workbook teacher's editions, 8 teacher's edition |
| 500 ## - GENERAL NOTE |
| General note |
Includes index |
| 650 #0 - SUBJECT ADDED ENTRY--TOPICAL TERM |
| Topical Term |
Mathematics |
| 650 #0 - SUBJECT ADDED ENTRY--TOPICAL TERM |
| Topical Term |
Mathematics |
| 710 20 - ADDED ENTRY--CORPORATE NAME |
| Corporate name or jurisdiction name as entry element |
Macmillan Publishing Company |
| 942 ## - ADDED ENTRY ELEMENTS (KOHA) |
| Koha item type |
សៀវភៅភាសាអង់គ្លេស |
| 952 ## - LOCATION AND ITEM INFORMATION (KOHA) |
| Withdrawn status [LOCAL, KOHA] |
0 |